[Event "I Memorial Corrado Bitti B"]
[Site "Cagliari ITA"]
[Date "2001.03.18"]
[Round "2"]
[White "Corona, Danilo"]
[Black "Abis, Roberto"]
[Result "1-0"]
[WhiteElo "1566"]
[BlackElo "1581"]
[PlyCount "109"]
[EventDate "2001.03.17"]

1. e4 c5 2. c3 Nc6 3. d4 cxd4 4. cxd4 e6 5. Nf3 d6 6. Nc3 Nf6 7. Bg5 Be7 8. Bd3
Qb6 9. Qd2 Bd7 10. e5 Nd5 11. Nxd5 exd5 12. Bxe7 Nxe7 13. O-O O-O 14. Rac1 Bf5
15. Bxf5 Nxf5 16. Qf4 g6 17. b3 dxe5 18. Qxe5 Rad8 19. Qc7 Nxd4 20. Nxd4 Qxd4
21. Qxb7 Rb8 22. Qe7 Rfe8 23. Qc5 Qxc5 24. Rxc5 d4 25. Rd1 Rbd8 26. Kf1 d3 27.
Rc3 Re6 28. Rcxd3 Rxd3 29. Rxd3 Kg7 30. Re3 Rc6 31. Rd3 Rc1+ 32. Ke2 Kf6 33.
Kd2 Rc7 34. b4 Rc4 35. a3 Ke6 36. b5 Rc5 37. Rb3 Rc7 38. a4 Rb7 39. a5 Kd5 40.
b6 h6 41. a6 Rb8 42. b7 Kd6 43. Kd3 Kc6 44. Rc3+ Kd7 45. Rc4 Re8 46. g4 f6 47.
Rb4 Kc7 48. Rc4+ Kd7 49. Kd4 Rd8 50. Rc5 Re8 51. f4 g5 52. fxg5 fxg5 53. Kd5
Rf8 54. Rc6 h5 55. Rc8 $139 1-0

[Event "I Memorial Corrado Bitti B"]
[Site "Cagliari ITA"]
[Date "2001.03.18"]
[Round "2"]
[White "Enis, Aldo"]
[Black "Mulas, Gianmarco"]
[Result "0-1"]
[WhiteElo "1504"]
[BlackElo "1600"]
[PlyCount "40"]
[EventDate "2001.03.17"]

1. d4 f5 2. Bg5 h6 3. Bh4 g5 4. e3 Nf6 5. Bg3 d6 6. Bd3 Bg7 7. Nd2 Bd7 8. Nh3
e6 9. f3 Nc6 10. c3 Qe7 11. O-O O-O-O 12. e4 f4 13. Be1 Qf7 14. Nf2 h5 15. Nc4
Rdg8 16. Qa4 g4 17. fxg4 hxg4 18. Nh1 Qh5 19. Kf2 Qxh2 20. Ke2 Nxd4+ 0-1

[Event "I Memorial Corrado Bitti B"]
[Site "Cagliari ITA"]
[Date "2001.03.18"]
[Round "2"]
[White "Favini, Giovanni"]
[Black "Casti, Alessio"]
[Result "0-1"]
[WhiteElo "1588"]
[BlackElo "1675"]
[PlyCount "58"]
[EventDate "2001.03.17"]

1. d4 d5 2. e3 Nf6 3. Nf3 e6 4. c4 c5 5. Nc3 Nc6 6. dxc5 Bxc5 7. cxd5 exd5 8.
Be2 O-O 9. O-O a6 10. a3 Re8 11. Re1 Bd6 12. b4 b5 13. Bb2 Bb7 14. h3 Rc8 15.
Rc1 Bb8 16. Nb1 Ne4 17. Bd3 f5 18. Bc2 Qd6 19. Bb3 Rcd8 20. Ba2 Kh8 21. Bd4
Nxd4 22. Qxd4 Re6 23. Nbd2 Rg6 24. Nb3 Nxf2 25. Re2 Nxh3+ 26. Kf1 Ng5 27. Nxg5
Rxg5 28. Rf2 Qh2 29. Rcc2 Qh1+ 0-1

[Event "I Memorial Corrado Bitti B"]
[Site "Cagliari ITA"]
[Date "2001.03.18"]
[Round "2"]
[White "Palmieri, Roberto"]
[Black "Putzolu, Marcello"]
[Result "0-1"]
[WhiteElo "1564"]
[BlackElo "1615"]
[PlyCount "104"]
[EventDate "2001.03.17"]

1. e4 c5 2. Nf3 d6 3. d4 cxd4 4. Nxd4 Nf6 5. Nc3 a6 6. Bg5 e6 7. f4 Be7 8. Qd2
Nc6 9. O-O-O O-O 10. Be2 Qc7 11. h4 b5 12. Bf3 Bb7 13. e5 dxe5 14. Nxc6 Bxc6
15. Bxc6 Qxc6 16. fxe5 Rfd8 17. Qe2 Nd5 18. Nxd5 Bxg5+ 19. hxg5 exd5 20. Rd4
Qg6 21. Qd2 Rac8 22. Rhh4 Rc6 23. c4 Rdc8 24. b3 bxc4 25. bxc4 Rb6 26. Rd3 Rcb8
27. Rb3 Rxb3 28. axb3 Rxb3 29. Qxd5 Qb1+ 30. Kd2 Rb2+ 31. Ke3 Qe1+ 32. Kf3 Rf2+
33. Kg4 Qe2+ 34. Kh3 Qe3+ 35. Kh2 g6 36. Qd4 Qxd4 37. Rxd4 Rc2 38. Rd6 a5 39.
Ra6 Rxc4 40. Rxa5 Rg4 41. Kh3 Rxg5 42. g4 h5 43. gxh5 Rxh5+ 44. Kg4 Rf5 45. Rb5
Kf8 46. Rb8+ Ke7 47. Rb7+ Ke6 48. Rb6+ Kxe5 49. Rb5+ Ke4 50. Rxf5 gxf5+ 51. Kg3
Ke3 52. Kg2 f4 0-1

[Event "I Memorial Corrado Bitti B"]
[Site "Cagliari ITA"]
[Date "2001.03.18"]
[Round "2"]
[White "Pili, Erika"]
[Black "Pais, Mario"]
[Result "1-0"]
[WhiteElo "1606"]
[BlackElo "1467"]
[PlyCount "117"]
[EventDate "2001.03.17"]

1. e4 c5 2. Nf3 d6 3. Bc4 e6 4. Nc3 Nf6 5. d4 cxd4 6. Nxd4 a6 7. a3 Nc6 8. O-O
Be7 9. Re1 Ne5 10. Ba2 O-O 11. Re3 Qb6 12. Rg3 Ng6 13. Rb1 Bd7 14. Be3 Qc7 15.
f4 Rac8 16. f5 exf5 17. exf5 Nh4 18. Bh6 Nxf5 19. Nxf5 Bxf5 20. Bxg7 Bg6 21.
Bxf8 Bxf8 22. Qf3 Bg7 23. Rf1 Rf8 24. h4 Qc6 25. Nd5 Nxd5 26. Bxd5 Qc5+ 27. Kh1
Qb5 28. h5 Bxh5 29. Qf6 Bg6 30. c4 Qxd5 31. cxd5 Bxf6 32. Rxf6 Rd8 33. a4 Kg7
34. Rff3 Kf8 35. Rb3 Rd7 36. Rb4 Rc7 37. Rc3 Re7 38. Rc8+ Kg7 39. Rd8 Re1+ 40.
Kh2 Re2 41. Rxd6 Re7 42. Rdb6 Bc2 43. Rxb7 Rxb7 44. Rxb7 Bxa4 45. d6 Kf6 46.
Kg3 Ke6 47. Rb6 Bb5 48. Kf4 f6 49. g4 h6 50. d7+ Kxd7 51. Rxf6 Ke7 52. Rxh6 Kf7
53. g5 Kg7 54. b4 Bc4 55. Rf6 Bd3 56. Ke5 Bb5 57. Kd6 Bc4 58. Kc7 Bd3 59. Kb7
1-0

[Event "I Memorial Corrado Bitti B"]
[Site "Cagliari ITA"]
[Date "2001.03.18"]
[Round "2"]
[White "Sanfilippo, Carlo"]
[Black "Contu, Gianni"]
[Result "0-1"]
[WhiteElo "1533"]
[BlackElo "1603"]
[PlyCount "84"]
[EventDate "2001.03.17"]

1. e4 c6 2. f4 d5 3. e5 h5 4. d4 Bf5 5. Nf3 e6 6. Nbd2 Nd7 7. Be2 Nh6 8. O-O c5
9. Bb5 a6 10. Bxd7+ Qxd7 11. c3 Be7 12. Ng5 g6 13. Ndf3 Rc8 14. Nh4 cxd4 15.
Nxf5 Nxf5 16. cxd4 Nxd4 17. Kh1 Nf5 18. Bd2 h4 19. Bc3 Ne3 20. Qf3 Nxf1 21.
Rxf1 d4 22. Rd1 Bc5 23. Ne4 Qc6 24. Bxd4 Bxd4 25. Rxd4 Kf8 26. Qa3+ Kg7 27. Qc3
Qb6 28. Qd2 Qxd4 29. Qxd4 Rc1+ 30. Qg1 Rhc8 31. Nc3 Rxg1+ 32. Kxg1 Rc4 33. g3
Rd4 34. Kg2 Rd2+ 35. Kh3 hxg3 36. hxg3 Rxb2 37. a4 b5 38. axb5 axb5 39. Kg4 b4
40. Na4 Rb1 41. Kf3 Ra1 42. Nb2 Ra3+ 0-1

[Event "I Memorial Corrado Bitti B"]
[Site "Cagliari ITA"]
[Date "2001.03.18"]
[Round "2"]
[White "Scarteddu, Marco"]
[Black "Loi, Francesco"]
[Result "1-0"]
[WhiteElo "1615"]
[BlackElo "1395"]
[PlyCount "93"]
[EventDate "2001.03.17"]

1. d4 d5 2. Nf3 Nf6 3. c4 c6 4. Nc3 Be6 5. c5 Nbd7 6. Qc2 g6 7. Nd2 Bg7 8. f3
Nh5 9. e3 O-O 10. g4 Nhf6 11. Bd3 b6 12. b4 b5 13. Nb3 Ne8 14. Na5 Nb8 15. Ne2
Bd7 16. h4 e6 17. Bb2 f6 18. O-O-O Na6 19. a3 Bh6 20. f4 e5 21. g5 fxg5 22.
hxg5 Bg7 23. dxe5 Nac7 24. Nd4 Rc8 25. Rh4 Qe7 26. Ndxc6 Bxc6 27. Nxc6 Qe6 28.
Nd4 Qe7 29. Rdh1 h6 30. gxh6 Bxe5 31. h7+ Kh8 32. fxe5 g5 33. Rg4 Ng7 34. Nf5
Rxf5 35. Bxf5 Rf8 36. e6 Ncxe6 37. Bxe6 Qxe6 38. Bxg7+ Kxg7 39. Rxg5+ Kf7 40.
Qg6+ Qxg6 41. Rxg6 Rh8 42. Ra6 Kg7 43. Rxa7+ Kg6 44. c6 Rc8 45. c7 Kg7 46. Kd2
Rh8 47. c8=Q+ 1-0

[Event "I Memorial Corrado Bitti B"]
[Site "Cagliari ITA"]
[Date "2001.03.18"]
[Round "2"]
[White "Sitzia, Carlo"]
[Black "Perra, Marco"]
[Result "0-1"]
[WhiteElo "1482"]
[BlackElo "1500"]
[PlyCount "84"]
[EventDate "2001.03.17"]

1. d4 d5 2. c4 c6 3. Nc3 Bg4 4. Qc2 h6 5. e4 Nf6 6. cxd5 cxd5 7. Bd3 e6 8. a3
Nc6 9. Bb5 a6 10. Bxc6+ bxc6 11. Nge2 c5 12. e5 Bf5 13. Qd2 Nd7 14. Qe3 cxd4
15. Nxd4 Bc5 16. b4 Bb6 17. Bb2 Qc7 18. O-O Nxe5 19. Na4 Ng4 20. Qg3 Qxg3 21.
hxg3 Bxd4 22. Bxd4 O-O 23. Rac1 Rac8 24. f3 Nf6 25. g4 Bd3 26. Rfe1 Nd7 27. Rc3
Rxc3 28. Bxc3 Bb5 29. Nc5 Nb6 30. Bb2 Rc8 31. Bd4 Nc4 32. a4 Bc6 33. Ra1 e5 34.
Bf2 Nb6 35. a5 Nc4 36. Nxa6 d4 37. Nc5 Rd8 38. Nd3 f6 39. a6 Ra8 40. a7 Bb5 41.
Kf1 Nb2 42. Ke2 Nxd3 0-1

[Event "I Memorial Corrado Bitti B"]
[Site "Cagliari ITA"]
[Date "2001.03.18"]
[Round "2"]
[White "Trincas, Claudio"]
[Black "Caddeo, Narciso"]
[Result "1-0"]
[WhiteElo "1603"]
[BlackElo "1546"]
[PlyCount "31"]
[EventDate "2001.03.17"]

1. e4 c5 2. Nf3 Nc6 3. Nc3 Nf6 4. d4 cxd4 5. Nxd4 e5 6. Nxc6 bxc6 7. Bd3 Bc5 8.
O-O O-O 9. Bg5 d5 10. exd5 cxd5 11. Bxf6 gxf6 12. Qh5 e4 13. Bxe4 Bxf2+ 14.
Rxf2 dxe4 15. Nxe4 Qd4 16. Nxf6+ 1-0

[Event "I Memorial Corrado Bitti B"]
[Site "Cagliari ITA"]
[Date "2001.03.18"]
[Round "3"]
[White "Abis, Josto"]
[Black "Contu, Gianni"]
[Result "1/2-1/2"]
[WhiteElo "1512"]
[BlackElo "1603"]
[PlyCount "123"]
[EventDate "2001.03.17"]

1. c4 e5 2. e3 Nf6 3. d4 exd4 4. exd4 d5 5. Nf3 Be7 6. Nc3 O-O 7. b3 Bb4 8. Bd2
Bg4 9. Be2 c6 10. O-O Bxf3 11. Bxf3 dxc4 12. bxc4 Na6 13. a3 Ba5 14. Ne2 Bxd2
15. Qxd2 Nc7 16. Rab1 Rb8 17. Rb2 b5 18. Rfb1 Qd6 19. Qc3 Rbd8 20. c5 Qd7 21.
Qd2 Ncd5 22. Qg5 Rfe8 23. Ng3 h6 24. Qd2 a5 25. Re1 Rxe1+ 26. Qxe1 b4 27. axb4
axb4 28. Ne4 Nxe4 29. Qxe4 Re8 30. Qb1 Nc3 31. Qa1 Qxd4 32. g3 Qxc5 33. Kg2 Qb6
34. Rb3 Rb8 35. Qe1 c5 36. Qe7 c4 37. Rb2 Na4 38. Rd2 Qc5 39. Rd6 Qg5 40. Qa7
Qb5 41. Bd5 Rf8 42. Rd7 Nb6 43. Bxf7+ Kh8 44. Rb7 Qf5 45. Qxb6 Rxf7 46. Rxf7
Qxf7 47. Qxb4 Qd5+ 48. Kg1 Qd3 49. Qb5 Qc2 50. g4 Qd1+ 51. Kg2 Qxg4+ 52. Kf1
Qd1+ 53. Kg2 Qc2 54. Kf3 Qd3+ 55. Kg2 Qg6+ 56. Kf1 Qe4 57. Qc5 Qd3+ 58. Kg2 c3
59. h3 c2 60. Kh2 Qe4 61. Kg3 g5 62. Qf8+ 1/2-1/2

[Event "I Memorial Corrado Bitti B"]
[Site "Cagliari ITA"]
[Date "2001.03.18"]
[Round "3"]
[White "Caddeo, Narciso"]
[Black "Pili, Erika"]
[Result "1-0"]
[WhiteElo "1546"]
[BlackElo "1606"]
[PlyCount "72"]
[EventDate "2001.03.17"]

1. e4 e5 2. Nf3 Nc6 3. Bb5 d6 4. h3 Bd7 5. O-O Be7 6. c3 Nf6 7. d3 O-O 8. Be3
h6 9. Nbd2 Nh7 10. Qe2 f5 11. exf5 Rxf5 12. Bc4+ Kh8 13. d4 e4 14. Nh2 d5 15.
g4 Rf7 16. Bxd5 Bxg4 17. Qxg4 Qxd5 18. Qxe4 Qh5 19. Qg4 Rf5 20. Nhf3 Raf8 21.
Qxh5 Rxh5 22. Kg2 Rf6 23. Rh1 Rg6+ 24. Kf1 Ng5 25. Nxg5 hxg5 26. Ke2 Rgh6 27.
Ne4 Rh7 28. Rag1 Rxh3 29. Rxh3 Rxh3 30. Nxg5 Bxg5 31. Bxg5 Rh5 32. Bf4 Rb5 33.
b4 Ne7 34. Bxc7 Nd5 35. c4 Nxc7 36. cxb5 Nxb5 1-0

[Event "I Memorial Corrado Bitti B"]
[Site "Cagliari ITA"]
[Date "2001.03.18"]
[Round "3"]
[White "Collu, Silvano"]
[Black "Palmieri, Roberto"]
[Result "0-1"]
[WhiteElo "1434"]
[BlackElo "1564"]
[PlyCount "74"]
[EventDate "2001.03.17"]

1. e4 c5 2. Nf3 d6 3. d4 cxd4 4. Nxd4 Nf6 5. Nc3 a6 6. Bc4 e6 7. Bg5 Be7 8. Bb3
b5 9. f3 O-O 10. Qd2 Qc7 11. O-O Rd8 12. Nce2 Nc6 13. c3 Na5 14. Ng3 Nxb3 15.
axb3 Bb7 16. Rfe1 h6 17. Be3 Bf8 18. Qe2 Nd7 19. f4 Nc5 20. Qc2 Bc6 21. f5 e5
22. Nxc6 Qxc6 23. b4 Nd7 24. Nh5 Be7 25. Qf2 Nf6 26. Nxf6+ Bxf6 27. Qg3 Kf8 28.
Rad1 a5 29. bxa5 Rxa5 30. Rd5 Rda8 31. Red1 Ra1 32. Rxd6 Qxd6 33. Rxa1 Rxa1+
34. Kf2 Qd1 35. Bc5+ Ke8 36. Qe3 Bh4+ 37. g3 Qf1# 0-1

[Event "I Memorial Corrado Bitti B"]
[Site "Cagliari ITA"]
[Date "2001.03.18"]
[Round "3"]
[White "Deruda, Leonardo"]
[Black "Scarteddu, Marco"]
[Result "1-0"]
[WhiteElo "1669"]
[BlackElo "1615"]
[PlyCount "93"]
[EventDate "2001.03.17"]

1. Nf3 d5 2. g3 Nf6 3. Bg2 b6 4. d3 e6 5. Nbd2 Bb7 6. O-O Nbd7 7. c3 Bd6 8. Qe1
Rb8 9. e4 dxe4 10. dxe4 e5 11. Qe2 Nc5 12. Nh4 Ba6 13. c4 g6 14. f4 Ncd7 15. f5
g5 16. Nhf3 h6 17. Ne1 b5 18. b3 Bc5+ 19. Kh1 Bd4 20. Rb1 c5 21. Nc2 bxc4 22.
bxc4 Rxb1 23. Nxb1 Nb6 24. Nba3 Bb7 25. Re1 a6 26. Bd2 Ke7 27. Ba5 Qd6 28. Nxd4
cxd4 29. Qb2 Nfd7 30. Rb1 Rb8 31. Bb4 Nc5 32. Bxc5 Qxc5 33. Qxb6 Qxa3 34. Qc7+
Kf6 35. Qxb8 Bc6 36. Qd8+ Kg7 37. f6+ Kg6 38. Qg8+ Kxf6 39. Rf1+ Ke7 40. Qxf7+
Kd8 41. Rb1 Qd6 42. Qa7 Bd7 43. Rb8+ Ke7 44. Bh3 d3 45. Qxd7+ Qxd7 46. Bxd7
Kxd7 47. Rb3 1-0

[Event "I Memorial Corrado Bitti B"]
[Site "Cagliari ITA"]
[Date "2001.03.18"]
[Round "3"]
[White "Lai, Luca"]
[Black "Cerioni, Armando"]
[Result "1-0"]
[WhiteElo "1542"]
[BlackElo "1413"]
[PlyCount "55"]
[EventDate "2001.03.17"]

1. e4 c5 2. Nf3 d6 3. d4 cxd4 4. Nxd4 Nf6 5. Nc3 a6 6. f3 e6 7. Be3 b5 8. Qd2
Nbd7 9. g4 Nb6 10. b3 Bb7 11. h4 Nfd7 12. Bd3 b4 13. Nce2 Ne5 14. Qxb4 Nxd3+
15. cxd3 d5 16. Qd2 h6 17. Rc1 Be7 18. Bf2 Nd7 19. Bg3 a5 20. Bc7 Bxh4+ 21. Kf1
Qe7 22. Bxa5 Ne5 23. Rc7 Qf6 24. Qf4 Ba6 25. Rxh4 Qxh4 26. Qxe5 O-O 27. Nxe6
Qh1+ 28. Kf2 1-0

[Event "I Memorial Corrado Bitti B"]
[Site "Cagliari ITA"]
[Date "2001.03.18"]
[Round "3"]
[White "Loi, Francesco"]
[Black "Boi, Giuseppe"]
[Result "0-1"]
[WhiteElo "1395"]
[BlackElo "1509"]
[PlyCount "66"]
[EventDate "2001.03.17"]

1. d4 d5 2. c4 c6 3. e3 Nf6 4. a3 e6 5. Nf3 Be7 6. Be2 O-O 7. c5 Nbd7 8. Bd3
Qc7 9. Nc3 e5 10. e4 exd4 11. Nxd4 Nxc5 12. exd5 Nxd3+ 13. Qxd3 Rd8 14. dxc6
bxc6 15. O-O c5 16. Ncb5 Qb6 17. Qe3 cxd4 18. Qxe7 Re8 19. Qb4 a5 20. Qb3 Rb8
21. a4 Ba6 22. Qg3 Bxb5 23. axb5 Qxb5 24. Bh6 Nh5 25. Qg4 Rb6 26. Bg5 Rg6 27.
f4 f6 28. Qxh5 fxg5 29. f5 Rf6 30. Qxg5 d3 31. Qd2 Re2 32. Rxa5 Qb6+ 33. Rf2
Qxf2+ 0-1

[Event "I Memorial Corrado Bitti B"]
[Site "Cagliari ITA"]
[Date "2001.03.18"]
[Round "3"]
[White "Pais, Mario"]
[Black "Cirina, Gianluca"]
[Result "0-1"]
[WhiteElo "1467"]
[BlackElo "1690"]
[PlyCount "68"]
[EventDate "2001.03.17"]

1. e4 c5 2. Nf3 d6 3. d4 cxd4 4. Nxd4 Nf6 5. Nc3 g6 6. Bc4 Bg7 7. Be3 Nc6 8.
Nxc6 bxc6 9. e5 Ng4 10. exd6 O-O 11. O-O Qxd6 12. Qxd6 exd6 13. Bf4 d5 14. Bd3
Ne5 15. Na4 Rb8 16. Nc5 Rxb2 17. Bxe5 Bxe5 18. Rfe1 Bd6 19. Na4 Rb4 20. Nc3 Be6
21. a3 Rb2 22. Na4 Rbb8 23. Nc3 Bc7 24. Bf1 Ba5 25. Na4 Bxe1 26. Rxe1 Rfe8 27.
Bd3 Bf5 28. Rxe8+ Rxe8 29. Kf1 Bxd3+ 30. cxd3 Kf8 31. Nc5 Ke7 32. d4 Kd6 33. f3
Re3 34. a4 Rc3 0-1

[Event "I Memorial Corrado Bitti B"]
[Site "Cagliari ITA"]
[Date "2001.03.18"]
[Round "3"]
[White "Perra, Marco"]
[Black "Favini, Giovanni"]
[Result "1/2-1/2"]
[WhiteElo "1500"]
[BlackElo "1588"]
[PlyCount "65"]
[EventDate "2001.03.17"]

1. e4 e6 2. Bb5 c6 3. Ba4 d5 4. e5 Nd7 5. Nf3 Nc5 6. Nc3 Nxa4 7. Nxa4 Bd7 8. c3
Ne7 9. Nc5 Qc7 10. b4 Ng6 11. d4 Bxc5 12. bxc5 O-O 13. c4 f6 14. exf6 Rxf6 15.
Bg5 Rf7 16. Qe2 Re8 17. O-O e5 18. dxe5 Nxe5 19. Nxe5 Rxe5 20. Qd2 Re8 21. Rae1
Rxe1 22. Rxe1 b6 23. Be7 bxc5 24. Bxc5 a6 25. Qg5 h6 26. Qe3 Qb7 27. Bb6 Rf8
28. Qd4 Re8 29. Re3 Rxe3 30. fxe3 Bf5 31. a4 Be4 32. Qc5 Qd7 33. Qd4 1/2-1/2

[Event "I Memorial Corrado Bitti B"]
[Site "Cagliari ITA"]
[Date "2001.03.18"]
[Round "3"]
[White "Putzolu, Marcello"]
[Black "Mascia, Giancarlo"]
[Result "1-0"]
[WhiteElo "1615"]
[BlackElo "1356"]
[PlyCount "41"]
[EventDate "2001.03.17"]

1. d4 d5 2. c4 dxc4 3. e3 b5 4. a4 c6 5. axb5 cxb5 6. Qf3 Qc7 7. Qxa8 e6 8.
Qxa7 Bb7 9. Nc3 b4 10. Nb5 Qc8 11. Nf3 Nc6 12. Qa4 Nf6 13. Bxc4 Be7 14. Na7 Qd7
15. Bb5 O-O 16. Nxc6 Ra8 17. Nxe7+ Qxe7 18. Qxa8+ Bxa8 19. Rxa8+ Ne8 20. Rxe8+
Qxe8 21. Bxe8 1-0

[Event "I Memorial Corrado Bitti B"]
[Site "Cagliari ITA"]
[Date "2001.03.18"]
[Round "3"]
[White "Sitzia, Carlo"]
[Black "Sanfilippo, Carlo"]
[Result "1/2-1/2"]
[WhiteElo "1482"]
[BlackElo "1533"]
[PlyCount "73"]
[EventDate "2001.03.17"]

1. d4 Nf6 2. c4 g6 3. Nf3 d5 4. e3 Bg7 5. Nc3 O-O 6. Be2 dxc4 7. Bxc4 c5 8. d5
a6 9. a4 Qa5 10. O-O Bf5 11. Bd2 Qc7 12. Re1 Be4 13. Nxe4 Nxe4 14. Bc1 Nd7 15.
Qd3 Nd6 16. e4 Ne5 17. Nxe5 Bxe5 18. g3 f5 19. Rb1 Kg7 20. f3 Bxg3 21. hxg3
Nxc4 22. f4 Nd6 23. e5 Nf7 24. e6 Nd6 25. b3 Ne4 26. Bb2+ Kg8 27. Be5 Qb6 28.
Kg2 Rad8 29. Red1 c4 30. Qd4 Qxd4 31. Rxd4 c3 32. Rc1 Rc8 33. Rc4 Rxc4 34. bxc4
Rc8 35. Bxc3 Rxc4 36. Bb2 Rxc1 37. Bxc1 1/2-1/2

[Event "I Memorial Corrado Bitti B"]
[Site "Cagliari ITA"]
[Date "2001.03.18"]
[Round "3"]
[White "Trincas, Claudio"]
[Black "Corona, Danilo"]
[Result "1/2-1/2"]
[WhiteElo "1603"]
[BlackElo "1566"]
[PlyCount "44"]
[EventDate "2001.03.17"]

1. e4 d5 2. exd5 Nf6 3. Bb5+ Bd7 4. Bxd7+ Qxd7 5. c4 c6 6. dxc6 Qxc6 7. Qf3
Qxc4 8. Nc3 Qc6 9. d4 e6 10. Be3 Be7 11. Qg3 Na6 12. Nge2 Nb4 13. O-O Nc2 14.
Rac1 Nxe3 15. fxe3 O-O 16. a3 Rac8 17. Qh4 Qd7 18. Qf2 a6 19. Ng3 b6 20. Qe2 b5
21. Nce4 Nxe4 22. Nxe4 Qd5 1/2-1/2

[Event "I Memorial Corrado Bitti B"]
[Site "Cagliari ITA"]
[Date "2001.03.31"]
[Round "4"]
[White "Abis, Josto"]
[Black "Putzolu, Marcello"]
[Result "1/2-1/2"]
[WhiteElo "1512"]
[BlackElo "1615"]
[PlyCount "170"]
[EventDate "2001.03.17"]

1. e4 c5 2. Nf3 d6 3. Nc3 Nf6 4. Bc4 g6 5. Ng5 e6 6. d3 Bg7 7. a3 Nc6 8. Ba2
O-O 9. O-O d5 10. exd5 exd5 11. Bd2 Nd4 12. h3 Bf5 13. Nf3 Rc8 14. Nxd4 cxd4
15. Ne2 Ne8 16. Bb4 Qg5 17. Ng3 Be6 18. Bxf8 Bxf8 19. Rc1 Bd6 20. Qf3 Bf4 21.
Rb1 Rxc2 22. Rfe1 Ng7 23. Bb3 Rc6 24. Ne2 Bd2 25. Rf1 Nf5 26. Qg4 Qf6 27. Qf3
Qg5 28. Qg4 Qd8 29. Nxd4 Nxd4 30. Qxd4 Qg5 31. g4 h5 32. f4 Qh4 33. Qf2 Qxf2+
34. Kxf2 hxg4 35. hxg4 Bxf4 36. Kf3 Be5 37. Ba2 Rc2 38. Rf2 Bxg4+ 39. Kxg4 Rxf2
40. Bxd5 Rxb2 41. Rf1 Bd6 42. Rxf7 Bxa3 43. Rxb7+ Kf8 44. Rxa7 Be7 45. Be4 Rb6
46. Ra4 Kg7 47. d4 Kf6 48. d5 Ke5 49. Bf3 Rb1 50. Re4+ Kf6 51. Re6+ Kf7 52. Be4
Rg1+ 53. Kf3 Bf6 54. Ra6 Rf1+ 55. Kg2 Rd1 56. Kf3 g5 57. Ra7+ Kf8 58. Kg4 Rf1
59. Bf3 Be7 60. Ra8+ Kf7 61. Ra7 Kf6 62. Ra6+ Kf7 63. Ra7 Kf6 64. Ra6+ Kg7 65.
Ra7 Kf8 66. Ra8+ Kf7 67. Ra7 Ke8 68. Kg3 Rg1+ 69. Bg2 Bd6+ 70. Kf3 g4+ 71. Kxg4
Rxg2+ 72. Kf5 Re2 73. Ra5 Re5+ 74. Kg6 Kd7 75. Rb5 Be7 76. Ra5 Kd6 77. Rb5 Bh4
78. Ra5 Bf2 79. Kf6 Bh4+ 80. Kg6 Bd8 81. Rb5 Re2 82. Kf5 Re1 83. Kf4 Bh4 84.
Kf3 Re8 85. Kf4 85... Bf2 {...} 1/2-1/2

[Event "I Memorial Corrado Bitti B"]
[Site "Cagliari ITA"]
[Date "2001.03.31"]
[Round "4"]
[White "Boi, Giuseppe"]
[Black "Lai, Luca"]
[Result "1-0"]
[WhiteElo "1509"]
[BlackElo "1542"]
[PlyCount "121"]
[EventDate "2001.03.17"]

1. e4 e5 2. Nf3 Nc6 3. Bb5 Bc5 4. d3 a6 5. Bxc6 dxc6 6. Qe2 Qd6 7. a3 Ne7 8.
Nbd2 Be6 9. Nf1 O-O 10. Ng3 f5 11. exf5 Nxf5 12. Ne4 Nd4 13. Nxd6 Nxe2 14. Ne4
Nd4 15. Nxc5 Nxc2+ 16. Kd1 Nxa1 17. Nxe6 Rf6 18. Nc5 b6 19. Nd7 Rg6 20. Ndxe5
Rxg2 21. Be3 c5 22. Nh4 Re8 23. Nxg2 Rxe5 24. Ke2 Nb3 25. Kd1 Rd5 26. Kc2 Nd4+
27. Bxd4 cxd4 28. f4 Rc5+ 29. Kd2 a5 30. Re1 Rb5 31. Kc1 Kf7 32. Re4 Rd5 33.
Ne1 c5 34. Nf3 h6 35. Kc2 Rh5 36. Kd2 Rd5 37. Re5 Rxe5 38. Nxe5+ Ke6 39. Ke2
Kf5 40. Kf3 Ke6 41. Nc4 b5 42. Nxa5 Kd5 43. b3 h5 44. Kg3 Kd6 45. Nb7+ Kc6 46.
Nxc5 Kxc5 47. Kh4 Kd6 48. Kxh5 Ke6 49. a4 bxa4 50. bxa4 Kd6 51. Kg6 Kc5 52. a5
Kb5 53. a6 Kxa6 54. Kxg7 Kb5 55. f5 Kb4 56. f6 Kc3 57. f7 Kxd3 58. f8=Q Kc3 59.
Qf1 d3 60. Qd1 d2 61. h4 1-0

[Event "I Memorial Corrado Bitti B"]
[Site "Cagliari ITA"]
[Date "2001.03.31"]
[Round "4"]
[White "Caddeo, Narciso"]
[Black "Abis, Roberto"]
[Result "0-1"]
[WhiteElo "1546"]
[BlackElo "1581"]
[PlyCount "68"]
[EventDate "2001.03.17"]

1. e4 c5 2. Nf3 d6 3. d4 cxd4 4. Nxd4 Nf6 5. Nc3 a6 6. Be2 e6 7. Be3 Bd7 8. O-O
Be7 9. f4 Nc6 10. Bf3 Rc8 11. g4 e5 12. Nxc6 Bxc6 13. g5 Nd7 14. Nd5 Bxd5 15.
exd5 exf4 16. Bxf4 Bxg5 17. Bxd6 Qb6+ 18. Kh1 Qxd6 19. Bh5 O-O 20. Qg4 Qxd5+
21. Rf3 Nf6 22. Bxf7+ Kxf7 23. Qg2 Kg8 24. Raf1 Ne4 25. c4 Qd2 26. Rxf8+ Rxf8
27. Rxf8+ Kxf8 28. Qxe4 Qc1+ 29. Kg2 Qxb2+ 30. Kf3 Qf6+ 31. Kg4 h5+ 32. Kh3
Qc3+ 33. Kg2 Qd2+ 34. Kh3 Qe3+ 0-1

[Event "I Memorial Corrado Bitti B"]
[Site "Cagliari ITA"]
[Date "2001.03.31"]
[Round "4"]
[White "Collu, Giuseppe"]
[Black "Ponti, Mario"]
[Result "0-1"]
[WhiteElo "1503"]
[BlackElo "1582"]
[PlyCount "52"]
[EventDate "2001.03.17"]

1. e4 e5 2. Nf3 Nc6 3. Bc4 Bc5 4. c3 Qf6 5. O-O h6 6. Nxe5 Nxe5 7. d4 Nxc4 8.
e5 Qe7 9. dxc5 Qxc5 10. Nd2 Nxd2 11. Bxd2 Ne7 12. Re1 O-O 13. Be3 Qc6 14. Qc2
Ng6 15. f4 Re8 16. Qf2 b6 17. Re2 Re7 18. Rae1 Bb7 19. Qg3 Rae8 20. Bd4 Qe6 21.
b4 Qf5 22. Rf2 h5 23. h4 Re6 24. c4 Nf8 25. Qc3 Rg6 26. g3 Qh3 0-1

[Event "I Memorial Corrado Bitti B"]
[Site "Cagliari ITA"]
[Date "2001.03.31"]
[Round "4"]
[White "Contu, Gianni"]
[Black "Cirina, Gianluca"]
[Result "1-0"]
[WhiteElo "1603"]
[BlackElo "1690"]
[PlyCount "74"]
[EventDate "2001.03.17"]

1. e4 c5 2. Nf3 Nc6 3. Bb5 Nf6 4. Bxc6 bxc6 5. e5 Nd5 6. O-O g6 7. Re1 Bg7 8.
c4 Nb6 9. d4 O-O 10. dxc5 Nxc4 11. Qa4 Na5 12. Qh4 d5 13. Bh6 f6 14. Bxg7 Kxg7
15. exf6+ exf6 16. Nc3 Bd7 17. Re2 g5 18. Qd4 h6 19. Rae1 Rf7 20. b3 Rb8 21.
Qe3 Qf8 22. Nd4 Kg6 23. Qd3+ Kg7 24. Na4 Qd8 25. Re8 Qxe8 26. Rxe8 Rxe8 27. h3
Bc8 28. Nc3 Rfe7 29. Nce2 Nb7 30. b4 a5 31. a3 axb4 32. axb4 Nd8 33. Ng3 Ra7
34. Nh5+ Kf8 35. Qg6 Ra1+ 36. Kh2 Nf7 37. Qg7+ Ke7 1-0

[Event "I Memorial Corrado Bitti B"]
[Site "Cagliari ITA"]
[Date "2001.03.31"]
[Round "4"]
[White "Deruda, Leonardo"]
[Black "Trincas, Claudio"]
[Result "1-0"]
[WhiteElo "1669"]
[BlackElo "1603"]
[PlyCount "147"]
[EventDate "2001.03.17"]

1. Nf3 d5 2. g3 Nf6 3. Bg2 e6 4. d3 Be7 5. Nbd2 Nbd7 6. O-O O-O 7. e4 h6 8. Qe2
c6 9. e5 Nh7 10. Re1 b6 11. h4 Re8 12. Nf1 Nhf8 13. N1h2 f5 14. exf6 Nxf6 15.
Ne5 Qc7 16. Nhf3 Bd6 17. Bh3 a5 18. Bd2 c5 19. a4 Bb7 20. Rac1 Rad8 21. Bg2
N8d7 22. Bf4 d4 23. Nxd7 Rxd7 24. Bxd6 Qxd6 25. Ne5 Rc7 26. Bxb7 Rxb7 27. Qf3
Qd5 28. Qg2 b5 29. axb5 Qxg2+ 30. Kxg2 Rxb5 31. Nc4 Rb4 32. Re2 e5 33. b3 a4
34. bxa4 Rxa4 35. Rxe5 Rxe5 36. Nxe5 Ra2 37. c3 dxc3 38. Rxc3 Ra5 39. f4 Kf8
40. Kf3 Ke8 41. g4 Nd7 42. Ke4 Nf6+ 43. Kf5 Kf8 44. g5 hxg5 45. hxg5 Nd5 46.
Rxc5 Ne7+ 47. Kg4 Ra4 48. Rc4 Ra1 49. Kf3 g6 50. Ke2 Ra2+ 51. Ke3 Ng8 52. Kf3
Rh2 53. Rb4 Ra2 54. Rb8+ Kg7 55. Rb6 Ra3 56. Ke4 Ra4+ 57. d4 Ra1 58. Rb3 Ra4
59. Nf3 Kf7 60. Rd3 Ra2 61. Kd5 Ra1 62. Kc6 Ne7+ 63. Kb6 Rf1 64. Ne5+ Kg7 65.
d5 Nxd5+ 66. Rxd5 Rxf4 67. Rd7+ Kg8 68. Nxg6 Rf7 69. Rxf7 Kxf7 70. Ne5+ Kg7 71.
Nf3 Kg6 72. Kc6 Kf5 73. Kd6 Kg6 74. Ke6 1-0